Writer's choice : (Record no. 6627)
[ view plain ]
| 000 -LEADER | |
|---|---|
| fixed length control field | 00834nam a2200217Ia 4500 |
| 020 ## - INTERNATIONAL STANDARD BOOK NUMBER | |
| ISBN | 9780026352611 |
| 022 ## - INTERNATIONAL STANDARD SERIAL NUMBER | |
| ISSN | 0026352613 |
| 050 ## - CALL NUMBER | |
| Classification number | PE1408 |
| Item number | .St8 |
| 100 ## - AUTHOR | |
| Personal name | Strong William |
| 245 00 - TITLE | |
| Title | Writer's choice : |
| Remainder of title | composition and grammar / |
| Statement of responsibility, etc | consulting author for composition, William Strong ; grammar specialist, Mark Lester ; visual-verbal learning specialists, Ligature, Inc. |
| 250 ## - EDITION | |
| Edition statement | Student's ed. |
| 260 ## - PUBLICATION INFORMATION | |
| Place of publication | Lake Forest, IL : |
| Name of publisher | Glencoe : |
| Year of publication | 1993 |
| 300 ## - DESCRIPTION | |
| Number of Pages | xxiv, 840 pages : |
| Other physical details | illustrations (some color) ; |
| Dimensions | 26 cm. |
| 500 ## - NOTES | |
| General note | Includes index. |
| 505 ## - FORMATTED CONTENTS NOTE | |
| Table of Content | Part 1. Composition<br/>Part 2. Grammar, Usage, and Mechanics<br/>Part 3. Resource and Skills<br/> Index |
| 650 #0 - SUBJECTS | |
| Topical Term | Composition (Language arts) |
| 650 #0 - SUBJECTS | |
| Topical Term | English language |
| General subdivision | Grammar. |
| 700 1# - OTHER AUTHORS | |
| Personal name | Lester, Mark. |
| 710 ## - OTHER AUTHORS | |
| OTHER AUTHORS | Ligature, Inc |
| 942 ## - ADDED ENTRY ELEMENTS (KOHA) | |
| Koha item type | Books |
| Withdrawn status | Lost status | Collection code | Home library | Current library | Shelving location | Date acquired | Full call number | Accession Number | Koha item type |
|---|---|---|---|---|---|---|---|---|---|
| Reference | Methodist University Library Main | Methodist University Library Main | General Stacks | 13/06/2002 | PE1408 .St8 | 26114 | Books | ||
| Reference | Methodist University Library Main | Methodist University Library Main | General Stacks | 13/06/2002 | PE1408 .St8 | 26113 | Books |